A TEXTBOOK OF BUSINESS MATHEMATICS (Record no. 8864)
[ view plain ]
| 000 -LEADER | |
|---|---|
| fixed length control field | 00704nam a22001577a 4500 |
| 003 - CONTROL NUMBER IDENTIFIER | |
| control field | SGT |
| 020 ## - INTERNATIONAL STANDARD BOOK NUMBER | |
| International Standard Book Number | 9788131313961 |
| 082 ## - DEWEY DECIMAL CLASSIFICATION NUMBER | |
| Classification number | 510, RED |
| 100 ## - MAIN ENTRY--PERSONAL NAME | |
| Personal name | REDDY,R JAYAPRAKASH |
| 245 ## - TITLE STATEMENT | |
| Title | A TEXTBOOK OF BUSINESS MATHEMATICS |
| 260 ## - PUBLICATION, DISTRIBUTION, ETC. (IMPRINT) | |
| Place of publication, distribution, etc | NEW DELHI |
| Name of publisher, distributor, etc | A P H PUBLISHING CORPORATION |
| Year of Publication | 2012 |
| 300 ## - PAGE DESCRIPTION | |
| No. of Pages | 540 |
| 650 ## - SUBJECT ADDED ENTRY--TOPICAL TERM | |
| Topical term or geographic name as entry element | MATHEMATICS |
| 653 ## - KEYWORDS--INDEX TERM | |
| Keyword term | FUNDAMENTALS OF ALGEBRA, LOGICAL STATEMENTS AND TRUTH TABLES, SET THEORY, FUNCTIONS AND RELATIONS, PROGRESSIONS, PERMUTATIONS COMBINATIONS AND BINOMIAL THEOREM, SUMMATION OF SERIES, MATRICES, ELEMENTS OF CO-ORDINATE GEO MENTRY, LIMITS, DIFFERENTIATION, PARTIAL DIFFERENTIATION, MAXIMA AND MINIMA, INTEGRATION, ELEMENTS OF OPERATION RESEARCH |
| 942 ## - ADDED ENTRY ELEMENTS (KOHA) | |
| Source of classification or shelving scheme | Dewey Decimal Classification |
| Koha item type | FCM Books |
| Withdrawn status | Lost status | Source of classification or shelving scheme | Damaged status | Not for loan | Home library | Current library | Shelving location | Date acquired | Vendor Name | Cost, normal purchase price | SGTU | Bill Number | Total Checkouts | Full call number | Accession No. (Barcode) | Date last seen | Date last borrowed | Bill Date | Koha item type |
|---|---|---|---|---|---|---|---|---|---|---|---|---|---|---|---|---|---|---|---|
| Dewey Decimal Classification | SGT Science & Social Sciences Library | SGT Science & Social Sciences Library | On Display | 31/05/2016 | IBH | 900.00 | SGTU | 9475 | 14 | 510, RED | CM60 | 06/05/2019 | 15/04/2019 | 30/08/2013 | FCM Books |